Troublemakers : power, representation, and the fiction of the mass worker /

Bibliographic Details
Main Author: Scott, William, 1968-
Format: eBook
Language:English
Published: New Brunswick, N.J. : Rutgers University Press, [2012]
Series:American literatures initiative
Subjects:
Online Access:Connect to the full text of this electronic book

MARC

Tag First Indicator Second Indicator Subfields
LEADER 00000cam a22000004a 4500
001 in00003402698
006 m d
007 cr |||||||nn|n
008 110317s2012 nju o d eng d
005 20260608210410.2
010 |z  2011010861 
020 |a 9780813553139 
020 |a 081355313X 
020 |z 9780813551890 (hardcover : alk. paper) 
020 |z 9780813551906 (pbk. : alk. paper) 
020 |z 0813551897 
035 |a (MdBmJHUP)muse9780813553139 
040 |a MdBmJHUP  |c MdBmJHUP  |d UtOrBLW 
043 |a n-us--- 
050 0 0 |a PS374.W64  |b S36 2012 
082 0 0 |a 813/.5209352623  |2 22 
100 1 |a Scott, William,  |d 1968- 
245 1 0 |a Troublemakers :  |b power, representation, and the fiction of the mass worker /  |c William Scott. 
264 1 |a New Brunswick, N.J. :  |b Rutgers University Press,  |c [2012] 
264 4 |c ©2012 
300 |a 1 online resource (288 pages) 
336 |a text  |b txt  |2 rdacontent 
337 |a computer  |b c  |2 rdamedia 
338 |a online resource  |b cr  |2 rdacarrier 
490 0 |a American literatures initiative 
504 |a Includes bibliographical references and index. 
505 0 |a Introduction -- Part one: The making of the mass worker. The powerless worker and the failure of political representation : "the lowest and most degraded of human beasts"; The empowered worker and the technological representation of capital : "out of this furnace, this metal." Part two: Strategy and structure at the point of production. The disempowering worker and the aesthetic representation of industrial unionism: "I am the book that has no end!" ; The powerful worker and the demand for economic representation: "they planned to use their flesh, their bones, as a barricade" -- Conclusion: Making trouble on a global scale. 
588 |a Description based on print version record. 
500 |a Electronic resource. 
650 0 |a Social conflict in literature. 
650 0 |a Work in literature. 
650 0 |a Labor movement in literature. 
650 0 |a Power (Social sciences) in literature. 
650 0 |a American fiction  |y 20th century  |x History and criticism. 
650 0 |a Working class in literature. 
655 7 |a Electronic books.  |2 local 
856 4 0 |u http://proxy.library.tamu.edu/login?url=https://muse.jhu.edu/books/9780813553139/  |z Connect to the full text of this electronic book  |t 0 
999 |a MARS 
999 f f |s e3ed19e2-25b3-3857-83e3-deea419960fa  |i da6f876a-a398-3694-80dd-4e8e61f914d3  |t 0 
952 f f |a Texas A&M University  |b College Station  |c Electronic Resources  |s www_evans  |d Available Online  |t 0  |e PS374.W64 S36 2012  |h Library of Congress classification 
998 f f |a PS374.W64 S36 2012  |t 0  |l Available Online